000 00406nam a2200169Ia 4500
001 16184
003 IN-NITTTR
005 20251114233152.0
008 251113s9999||||xx |||||||||||||| ||eng||
040 _beng
040 _cIN-NITTTR
041 _aeng
082 _a005.136 H979Z
100 _aHutty, Roger
245 0 _aZ80 Assembly language programming for students /
_cHutty, Roger
942 _2ddc
_cBK
999 _c18818
_d18818